000 01009nam a2200325 a 4500
001 000112716
003 CHAP
005 20220329144318.0
008 161010s2000 mx | |r| |||0|||spa d
010 _a109177
011 _a110149
020 _a9688429902
040 _cCHAP
082 0 4 _a320.6
_bH44 2000
245 0 3 _aLa hechura de las políticas /
_cpor Theodore J. Lowi ...[et al.]; Luis F. Aguilar Villanueva estudio introd. y ed.
250 _a3 ed.
260 _aMéxico :
_bMAPorrúa,
_c2000.
300 _a434 p.
490 1 _aAntologías de política pública
_v2
590 _aE11695DGD
_b10
_c20161104
_lUCH01
_h1546
590 _aE6096MTM
_b05
_c20161010
_lUCH01
_h1447
650 1 4 _aCiencias políticas.
_923206
650 1 4 _aPolítica científica.
_990459
700 1 _aAguilar Villanueva, Luis F.
_e, ed.
_9131132
700 1 _aLowi, Theodore J.
_e, colaborador
_9131133
830 0 _aAntologías de política Pública
_v2
_9131135
901 _aBK
942 _cLIBRO
942 _n0
999 _c109177
_d109177